Building with wood: form, structural, design, and preservation
Сохранить в:
| Главные авторы: | , |
|---|---|
| Формат: | |
| Язык: | английский |
| Опубликовано: |
Nueva York
Frederick A. Praeger
1969
|
| Предметы: | |
| Метки: |
Добавить метку
Нет меток, Требуется 1-ая метка записи!
|
MARC
| LEADER | 00000nam a2200000 a 4500 | ||
|---|---|---|---|
| 001 | UCV8291 | ||
| 003 | CL-VaPUC | ||
| 008 | 910115e19690000US |||||||||||||||||eng|d | ||
| 082 | 0 | 4 | |a 694 |b HOF |2 21 |
| 100 | 0 | |a Hoffmann, Kurt |e author |9 302350 | |
| 700 | 0 | |a Griese, Helga |e author |9 302351 | |
| 245 | 1 | 0 | |a Building with wood: form, structural, design, and preservation |
| 300 | |a 169 p | ||
| 942 | |c BK | ||
| 945 | |d 19910115 00:00:00 | ||
| 260 | |a Nueva York |b Frederick A. Praeger |c 1969 | ||
| 650 | 7 | |a ESTRUCTURAS DE MADERA DISEÑO Y CONSTRUCCION |2 CL-VaPUC |9 266383 | |
| 650 | 7 | |a CONSTRUCCIONES DE MADERA |2 CL-VaPUC |9 302352 | |
| 650 | 7 | |a CASAS PREFABRICADAS |2 CL-VaPUC |9 302353 | |
| 583 | |a last modification |c 19910115 00:00:00 |k Rodrigo Vera | ||
| 999 | |c 213830 |d 213828 | ||
| 952 | |0 0 |1 0 |4 0 |6 694_000000000000000_HOF_1969 |7 0 |8 A |9 196596 |a BIBARQ |b BIBARQ |d 2019-11-14 |i 2644568 |l 2 |m 1 |o 694 HOF 1969 |p 2644568 |r 2025-01-20 |s 2024-04-09 |w 2019-11-14 |y BK |k ARQ | ||